| 000 | 00585nam a2200181 a 4500 | ||
|---|---|---|---|
| 001 | 000015595 | ||
| 005 | 20200929164102.0 | ||
| 008 | 100215s2009 dr r 000 0 spa d | ||
| 020 | _a9789945408355 | ||
| 040 |
_aDO-SdBNP _bspa _cBNPHU |
||
| 082 |
_a027.4 _bH557b |
||
| 100 | 1 |
_aHernández, P. Jesús _95465 |
|
| 245 | 1 | 0 |
_aBiblioteca Antillense Salesiana : _befervescencia 2009 / _cP. Jesús Hernández. |
| 260 |
_aSanto Domingo : _bArgos, _c2009. |
||
| 300 |
_a85 p. ; _c22 cm. |
||
| 650 | 4 |
_aBiblioteca _zRepública Dominicana _935176 |
|
| 650 | 4 |
_aBiblioteca antillense salesiana _935177 |
|
| 999 |
_c15150 _d15150 |
||